La construction de l'Europe et l'avenir des nations (notice n° 1925280)

détails MARC
000 -LEADER
fixed length control field 01493cam a2200133 4500500
005 - DATE AND TIME OF LATEST TRANSACTION
control field 20260329023158.0
041 ## - LANGUAGE CODE
Language code of text/sound track or separate title fre
042 ## - AUTHENTICATION CODE
Authentication code dc
100 10 - MAIN ENTRY--PERSONAL NAME
Personal name Lefebvre, Maxime
Relator term author
245 00 - TITLE STATEMENT
Title La construction de l'Europe et l'avenir des nations
260 ## - PUBLICATION, DISTRIBUTION, ETC.
Name of publisher, distributor, etc. Armand Colin,<br/>
Date of publication, distribution, etc. 2013.<br/>
520 ## - SUMMARY, ETC.
Summary, etc. L’Europe ne peut être comprise sans prendre en compte la diversité et l’identité des nations qui la composent. La crise de la zone euro, l’importance toujours redécouverte de la relation franco-allemande sont là pour le montrer. Les différences entre la latinité et la germanité, entre le nord et le sud, entre l’est et l’ouest, entre les grands et les petits pays sont toujours bien présentes malgré l’approfondissement de la construction européenne depuis plus d’un demi-siècle. L’Europe ne se fera pas contre, mais avec les nations. Elle ne peut ni se transformer en État fédéral, ni se déterminer uniquement en fonction de la mondialisation, des Nations Unies ou de l’Occident. Elle ne sortira de ses difficultés actuelles que si elle parvient à réinventer la coexistence de ses nations et à renforcer sa cohésion, en particulier à partir de l’union monétaire. En remettant les nations au cœur de la réflexion, cet ouvrage livre de nouvelles perspectives, pleines d’espoir pour le projet européen.
856 41 - ELECTRONIC LOCATION AND ACCESS
Uniform Resource Identifier <a href="https://shs.cairn.info/la-construction-de-leurope-et-lavenir-des-nations--9782200286330?lang=fr&redirect-ssocas=7080">https://shs.cairn.info/la-construction-de-leurope-et-lavenir-des-nations--9782200286330?lang=fr&redirect-ssocas=7080</a>

Pas d'exemplaire disponible.

PLUDOC

PLUDOC est la plateforme unique et centralisée de gestion des bibliothèques physiques et numériques de Guinée administré par le CEDUST. Elle est la plus grande base de données de ressources documentaires pour les Étudiants, Enseignants chercheurs et Chercheurs de Guinée.

Adresse

627 919 101/664 919 101

25 boulevard du commerce
Kaloum, Conakry, Guinée

Réseaux sociaux

Powered by Netsen Group @ 2025